Strategies to enhance youth involvement in church leadership in the Techiman West District, Ghana / (Record no. 25226)

MARC details
000 -LEADER
fixed length control field 00650nam a22001817a 4500
003 - CONTROL NUMBER IDENTIFIER
control field AUA.1
005 - DATE AND TIME OF LATEST TRANSACTION
control field 20251016115616.0
008 - FIXED-LENGTH DATA ELEMENTS--GENERAL INFORMATION
fixed length control field 250714b |||||||| |||| 00| 0 eng d
040 ## - CATALOGING SOURCE
Transcribing agency JTL
100 ## - MAIN ENTRY--PERSONAL NAME
Personal name Awuah, Maxwell Obour Boateng
245 ## - TITLE STATEMENT
Title Strategies to enhance youth involvement in church leadership in the Techiman West District, Ghana /
Statement of responsibility, etc Maxwell Obour Boateng Awuah.
260 ## - PUBLICATION, DISTRIBUTION, ETC. (IMPRINT)
Date of publication, distribution, etc c2024.
300 ## - PHYSICAL DESCRIPTION
Extent viii, 76 leaves :
Other physical details Illustrations :
Dimensions 30cm.
610 ## - SUBJECT ADDED ENTRY--CORPORATE NAME
Corporate name or jurisdiction name as entry element Seventh-day Adventist Church
Form subdivision Techiman West District, Ghana
650 ## - SUBJECT ADDED ENTRY--TOPICAL TERM
Topical term or geographic name as entry element Church leadership
650 ## - SUBJECT ADDED ENTRY--TOPICAL TERM
Topical term or geographic name as entry element Christian youth
942 ## - ADDED ENTRY ELEMENTS (KOHA)
Source of classification or shelving scheme AUA Inhouse Classification
Koha item type Project
Classification part MDiv
Item part .A98 2024
Holdings
Withdrawn status Lost status Source of classification or shelving scheme Damaged status Not for loan Collection code Home library Current library Shelving location Date acquired Source of acquisition Cost, normal purchase price Serial Enumeration / chronology Total Checkouts Full call number Barcode Date last seen Cost, replacement price Price effective from Koha item type
    Library of Congress Classification     JTL Research Collection Judith Thomas Library Judith Thomas Library Judith Thomas Library Research Section 14/07/2025 Theological Seminary 25.00 AUA27953   MDiv .A98 2024 AUA27953 14/07/2025 25.00 14/07/2025 Project